[Event "GBR-ch90"]
[Site "Edinburgh"]
[Date "2003.07.29"]
[Round "8.4"]
[White "Turner, Matthew J"]
[Black "Gallagher, Joseph G"]
[Result "1/2-1/2"]
[WhiteElo "2519"]
[BlackElo "2520"]
[PlyCount "142"]
[EventDate "2003.07.21"]
[EventType "swiss"]
[EventRounds "11"]
[EventCountry "GBR"]
[SourceTitle "BritBase"]
[Source "John Saunders"]
[SourceDate "2008.07.14"]
[SourceVersion "1"]
[SourceVersionDate "2008.07.14"]
[SourceQuality "2"]

1. e4 c5 2. c3 Nf6 3. e5 Nd5 4. g3 d6 5. exd6 e6 6. Bg2 Bxd6 7. Nf3 Nc6 8. O-O
O-O 9. d4 cxd4 10. Nxd4 Nde7 11. Nxc6 Nxc6 12. Be3 e5 13. Nd2 Qc7 14. Re1 Be6
15. Ne4 Be7 16. Bc5 Rad8 17. Qh5 Bxc5 18. Nxc5 Bd5 19. Be4 Bxe4 20. Nxe4 Qe7
21. Rad1 f5 22. Rxd8 Nxd8 23. Ng5 h6 24. Nf3 Nc6 25. g4 fxg4 26. Qxg4 Qf7 27.
Kg2 Qxa2 28. Nxe5 Nxe5 29. Rxe5 Qxb2 30. Qd4 Qc1 31. Re3 Qc2 32. Rg3 Rf7 33.
Qxa7 Qe4+ 34. Kg1 Qb1+ 35. Kg2 Qe4+ 36. Kg1 Rd7 37. Qa1 Qe2 38. Qa8+ Kh7 39.
Qf8 Rd1+ 40. Kg2 Qf1+ 41. Kf3 Rd3+ 42. Kg4 Qe2+ 43. Kh3 Qe6+ 44. Kg2 Qc6+ 45.
Rf3 Qg6+ 46. Rg3 Qe4+ 47. Kh3 Qe6+ 48. Kg2 Qc6+ 49. Rf3 Qe4 50. Qf5+ Qxf5 51.
Rxf5 Rxc3 52. Rb5 Rc7 53. Rb6 Kg8 54. Kg3 Kf8 55. Kg4 Rf7 56. f4 Ke8 57. Kh5
Kf8 58. h3 Rc7 59. Kg4 Ke7 60. Kf5 Kf7 61. Rb5 g6+ 62. Kg4 Kg7 63. f5 Rc4+ 64.
Kg3 gxf5 65. Rxb7+ Kf6 66. Rb8 Rc3+ 67. Kf4 Rc4+ 68. Kg3 h5 69. Rf8+ Kg6 70.
Rg8+ Kf7 71. Rh8 Kg6 1/2-1/2

[Event "GBR-ch90"]
[Site "Edinburgh"]
[Date "2003.07.29"]
[Round "8.5"]
[White "Bakre, Tejas"]
[Black "Arakhamia-Grant, Ketevan"]
[Result "1-0"]
[WhiteElo "2433"]
[BlackElo "2408"]
[PlyCount "77"]
[EventDate "2003.07.21"]
[EventType "swiss"]
[EventRounds "11"]
[EventCountry "GBR"]
[SourceTitle "BritBase"]
[Source "John Saunders"]
[SourceDate "2008.07.14"]
[SourceVersion "1"]
[SourceVersionDate "2008.07.14"]
[SourceQuality "2"]

1. d4 Nf6 2. Bg5 e6 3. e4 h6 4. Bxf6 Qxf6 5. Nc3 d6 6. Qd2 g5 7. Bc4 a6 8. Nge2
Nc6 9. O-O Be7 10. Rad1 Qg7 11. a3 Bd7 12. b4 b5 13. Bb3 h5 14. Nb1 h4 15. c4
g4 16. Qd3 Rb8 17. Nbc3 Nd8 18. Rb1 Bg5 19. Kh1 e5 20. dxe5 Qxe5 21. cxb5 axb5
22. Nd5 Ne6 23. f4 gxf3 24. gxf3 Bd8 25. f4 Qg7 26. Rg1 Qh6 27. f5 Ng5 28. Rg4
c6 29. Ndf4 Be7 30. Rbg1 Ra8 31. Qe3 Bf6 32. Rd1 Ke7 33. Nd3 Kf8 34. Nc5 dxc5
35. Rxd7 c4 36. Bc2 Ke8 37. Rd6 Qg7 38. e5 Be7 39. f6 1-0

[Event "GBR-ch90"]
[Site "Edinburgh"]
[Date "2003.07.29"]
[Round "8.7"]
[White "Hunt, Adam C"]
[Black "Kotronias, Vasilios"]
[Result "0-1"]
[WhiteElo "2395"]
[BlackElo "2602"]
[PlyCount "176"]
[EventDate "2003.07.21"]
[EventType "swiss"]
[EventRounds "11"]
[EventCountry "GBR"]
[SourceTitle "BritBase"]
[Source "John Saunders"]
[SourceDate "2008.07.14"]
[SourceVersion "1"]
[SourceVersionDate "2008.07.14"]
[SourceQuality "2"]

1. e4 d5 2. exd5 Qxd5 3. Nc3 Qa5 4. Nf3 Nf6 5. Be2 c6 6. O-O Bg4 7. b4 Qd8 8.
b5 a6 9. bxa6 Nxa6 10. Rb1 e6 11. d4 Be7 12. Ne5 Bxe2 13. Qxe2 O-O 14. Bf4 Bd6
15. Bg3 Nb8 16. f4 Nbd7 17. Qf3 Nb6 18. Rb3 Nbd5 19. Rfb1 b5 20. a3 Ra6 21. Ne2
Ra7 22. c4 Ne7 23. Bh4 bxc4 24. Nxc4 Nfd5 25. Nxd6 Qxd6 26. Bxe7 Nxe7 27. Qe3
Ra5 28. Qc3 Ra4 29. Qc5 Qxc5 30. dxc5 h6 31. g3 g5 32. Kf2 Kg7 33. Rd1 Nd5 34.
fxg5 hxg5 35. Rd4 Rfa8 36. Rxa4 Rxa4 37. Nc1 Rc4 38. Nd3 Rc2+ 39. Kf3 Rxh2 40.
Ne5 f5 41. Rb7+ Kh6 42. g4 Rh3+ 43. Kf2 fxg4 44. Nxg4+ Kg6 45. Ne5+ Kf6 46.
Nxc6 Rc3 47. Nd8 Rxc5 48. Rf7+ Ke5 49. Rf3 Nf4 50. Nf7+ Kf6 51. Nd6 Rc2+ 52.
Ke3 Re2+ 53. Kd4 e5+ 54. Kc4 Ke6 55. Nb7 g4 56. Rg3 Kf5 57. Nd6+ Kg5 58. a4 Nh5
59. Rg1 g3 60. a5 Ra2 61. Kb5 Kf4 62. Nc4 e4 63. a6 Nf6 64. Rf1+ Kg5 65. Ne3
Ng4 66. Nc4 e3 67. Na5 Rb2+ 68. Kc5 Rb8 69. a7 Ra8 70. Kb6 Ne5 71. Rg1 Kf4 72.
Nb3 Kf3 73. Nd4+ Kf2 74. Rb1 Nc4+ 75. Kb7 Rxa7+ 76. Kxa7 g2 77. Ka6 Nd2 78. Ra1
g1=Q 79. Rxg1 Kxg1 80. Kb5 Kf2 81. Kb4 Nf3 82. Nc2 e2 83. Kc3 Nh4 84. Kd3 Nf5
85. Ke4 Ne3 86. Nb4 Kf1 87. Nd3 Nc2 88. Kf3 Ne1+ 0-1

[Event "GBR-ch90"]
[Site "Edinburgh"]
[Date "2003.07.29"]
[Round "8.9"]
[White "Ganguly, Surya Shekhar"]
[Black "Gwaze, Robert"]
[Result "1-0"]
[WhiteElo "2535"]
[BlackElo "2335"]
[PlyCount "117"]
[EventDate "2003.07.21"]
[EventType "swiss"]
[EventRounds "11"]
[EventCountry "GBR"]
[SourceTitle "BritBase"]
[Source "John Saunders"]
[SourceDate "2008.07.14"]
[SourceVersion "1"]
[SourceVersionDate "2008.07.14"]
[SourceQuality "2"]

1. e4 e5 2. Nf3 Nf6 3. Nxe5 d6 4. Nf3 Nxe4 5. d4 d5 6. Bd3 Nc6 7. O-O Bg4 8. c4
Nf6 9. Bg5 Be7 10. Nc3 Bxf3 11. Qxf3 Nxd4 12. Qh3 dxc4 13. Bxc4 Qc8 14. Qe3 Ne6
15. Bxf6 Bxf6 16. Nd5 Qd8 17. Qb3 O-O 18. Nxf6+ Qxf6 19. Qxb7 a5 20. Rad1 Rfb8
21. Qc6 Qxb2 22. Rd7 Re8 23. f4 Qb6+ 24. Qxb6 cxb6 25. f5 Nd8 26. Rfd1 g6 27.
f6 Ne6 28. Rb7 Rab8 29. Rdd7 Rxb7 30. Rxb7 Rc8 31. Bb5 Rc1+ 32. Kf2 Rc2+ 33.
Kg3 Rxa2 34. Be8 Kf8 35. Bb5 Rd2 36. Rxb6 Rd8 37. Bc6 Rd6 38. Rb8+ Rd8 39. Rb7
Rd6 40. Rb8+ Rd8 41. Rb7 Rd6 42. Ra7 Rd8 43. Rxa5 Nc7 44. Ba4 h6 45. Ra7 Ne8
46. Ra6 Rd5 47. Ra8 Re5 48. Bd7 Re1 49. Kf4 Re2 50. h4 Re1 51. g4 Re2 52. g5
hxg5+ 53. hxg5 Re1 54. Bc6 Re2 55. Rc8 Re1 56. Be4 Re2 57. Ke5 Re1 58. Kd4 Re2
59. Bc6 1-0

[Event "GBR-ch90"]
[Site "Edinburgh"]
[Date "2003.07.29"]
[Round "8.10"]
[White "Sundararajan, Kidambi"]
[Black "Pert, Nicholas"]
[Result "1/2-1/2"]
[WhiteElo "2442"]
[BlackElo "2483"]
[PlyCount "75"]
[EventDate "2003.07.21"]
[EventType "swiss"]
[EventRounds "11"]
[EventCountry "GBR"]
[SourceTitle "BritBase"]
[Source "John Saunders"]
[SourceDate "2008.07.14"]
[SourceVersion "1"]
[SourceVersionDate "2008.07.14"]
[SourceQuality "2"]

1. d4 d5 2. c4 c6 3. Nc3 Nf6 4. e3 a6 5. Nf3 b5 6. b3 Bg4 7. Be2 e6 8. O-O Nbd7
9. Bb2 Bd6 10. h3 Bh5 11. Ne5 Bxe2 12. Nxe2 Qc7 13. cxd5 cxd5 14. Rc1 Qb8 15.
Nxd7 Kxd7 16. f3 Qb7 17. Nf4 Bxf4 18. exf4 Rhc8 19. Rc5 Ne8 20. f5 exf5 21. Re1
Nf6 22. Re5 Rxc5 23. dxc5 Qc6 24. Rxf5 Qxc5+ 25. Bd4 Qc6 26. Bxf6 gxf6 27.
Rxd5+ Ke7 28. Qe1+ Kf8 29. Qb4+ Kg7 30. Rd6 Qc1+ 31. Kh2 Qg5 32. f4 Qf5 33. g4
Qc2+ 34. Rd2 Qc6 35. Qd4 Kf8 36. Qd6+ Qxd6 37. Rxd6 Rc8 38. Rd2 1/2-1/2

[Event "GBR-ch90"]
[Site "Edinburgh"]
[Date "2003.07.29"]
[Round "8.11"]
[White "Singh, Gurpreetpal"]
[Black "Gormally, Daniel W"]
[Result "0-1"]
[WhiteElo "2293"]
[BlackElo "2478"]
[PlyCount "36"]
[EventDate "2003.07.21"]
[EventType "swiss"]
[EventRounds "11"]
[EventCountry "GBR"]
[SourceTitle "BritBase"]
[Source "John Saunders"]
[SourceDate "2008.07.14"]
[SourceVersion "1"]
[SourceVersionDate "2008.07.14"]
[SourceQuality "2"]

1. e4 c5 2. Nf3 d6 3. d4 cxd4 4. Nxd4 Nf6 5. f3 Nc6 6. c4 Qb6 7. Nc2 e6 8. Nc3
a6 9. Rb1 Be7 10. Be2 O-O 11. Ne3 Rd8 12. O-O d5 13. cxd5 exd5 14. exd5 Bc5 15.
Qd2 Bf5 16. Ra1 Re8 17. Ncd1 Bb4 18. Nc3 Rxe3 0-1

[Event "GBR-ch90"]
[Site "Edinburgh"]
[Date "2003.07.29"]
[Round "8.12"]
[White "Webb, Laurence"]
[Black "Swathi, Ghate"]
[Result "1-0"]
[WhiteElo "2325"]
[BlackElo "2299"]
[PlyCount "109"]
[EventDate "2003.07.21"]
[EventType "swiss"]
[EventRounds "11"]
[EventCountry "GBR"]
[SourceTitle "BritBase"]
[Source "John Saunders"]
[SourceDate "2008.07.14"]
[SourceVersion "1"]
[SourceVersionDate "2008.07.14"]
[SourceQuality "2"]

1. e4 e5 2. Nf3 Nc6 3. d4 exd4 4. Bc4 Bc5 5. c3 Nf6 6. e5 d5 7. Bb5 Ne4 8. cxd4
Bb4+ 9. Bd2 Be7 10. h3 O-O 11. O-O f6 12. Nc3 Be6 13. Rc1 Kh8 14. Bxc6 bxc6 15.
Qe2 f5 16. Na4 Qe8 17. Nc5 Bxc5 18. dxc5 Bf7 19. Nd4 Qxe5 20. Bc3 Qf6 21. Qa6
Be8 22. Qb7 Bd7 23. Qxc7 Qf7 24. Nf3 Rfc8 25. Ne5 Rxc7 26. Nxf7+ Kg8 27. Be5
Rb7 28. Nd6 Nxd6 29. cxd6 Kf7 30. f4 Re8 31. Rc5 g5 32. g3 Rxe5 33. fxe5 Ke6
34. Re1 Rxb2 35. Ra5 Rb7 36. Kf2 Be8 37. h4 h6 38. hxg5 hxg5 39. Ke3 Bg6 40.
Kd2 f4 41. gxf4 gxf4 42. Ra4 f3 43. Rf4 Be4 44. Rexe4 dxe4 45. Rxe4 Rb2+ 46.
Ke1 Rxa2 47. Kf1 Rd2 48. Ke1 Rb2 49. Kf1 c5 50. Re1 Rd2 51. Re4 Rd4 52. Re3 c4
53. Kf2 Rd3 54. Rxd3 cxd3 55. Kxf3 1-0

[Event "GBR-ch90"]
[Site "Edinburgh"]
[Date "2003.07.29"]
[Round "8.13"]
[White "Howell, David W"]
[Black "Conquest, Stuart"]
[Result "0-1"]
[WhiteElo "2323"]
[BlackElo "2560"]
[PlyCount "108"]
[EventDate "2003.07.21"]
[EventType "swiss"]
[EventRounds "11"]
[EventCountry "GBR"]
[SourceTitle "BritBase"]
[Source "John Saunders"]
[SourceDate "2008.07.14"]
[SourceVersion "1"]
[SourceVersionDate "2008.07.14"]
[SourceQuality "2"]

1. e4 e6 2. d4 d5 3. e5 Ne7 4. c3 c5 5. Na3 Bd7 6. Nf3 cxd4 7. cxd4 Na6 8. Be2
Qb6 9. O-O h6 10. Rb1 Nb4 11. Bd2 a5 12. Ra1 Nf5 13. Bc1 Rc8 14. g4 Ne7 15. Nh4
Nec6 16. Be3 Be7 17. Ng2 Na7 18. Ne1 O-O 19. f4 Nb5 20. Kh1 f6 21. Qd2 fxe5 22.
fxe5 Rxf1+ 23. Bxf1 Rf8 24. Be2 Nxa3 25. bxa3 Nc6 26. Qd3 Be8 27. Rb1 Qc7 28.
Nf3 a4 29. Bd2 Bd8 30. Bd1 Ne7 31. Nh4 Qc4 32. Bc2 Qxd3 33. Bxd3 Nc6 34. Ng2
Nxd4 35. Be3 Nc6 36. Bf4 Bg5 37. Bg3 Na5 38. Ne1 Bc6 39. h4 Bd2 40. Kh2 Nc4 41.
Nc2 Bc3 42. Bxc4 dxc4 43. Nb4 Be4 44. Rc1 Rf3 45. Rd1 Kh7 46. h5 b5 47. Na6 Rd3
48. Rf1 Rd2+ 49. Rf2 Rxf2+ 50. Bxf2 Bxe5+ 51. Kg1 c3 52. Be3 c2 53. Bc1 Bf6 54.
Nc5 Bd4+ 0-1

[Event "GBR-ch90"]
[Site "Edinburgh"]
[Date "2003.07.29"]
[Round "8.14"]
[White "Greet, Andrew"]
[Black "Hossain, Enamul"]
[Result "0-1"]
[WhiteElo "2297"]
[BlackElo "2452"]
[PlyCount "56"]
[EventDate "2003.07.21"]
[EventType "swiss"]
[EventRounds "11"]
[EventCountry "GBR"]
[SourceTitle "BritBase"]
[Source "John Saunders"]
[SourceDate "2008.07.14"]
[SourceVersion "1"]
[SourceVersionDate "2008.07.14"]
[SourceQuality "2"]

1. d4 d5 2. c4 c6 3. Nf3 Nf6 4. Nc3 dxc4 5. a4 Bf5 6. e3 e6 7. Bxc4 Bb4 8. O-O
O-O 9. Nh4 Nbd7 10. Nxf5 exf5 11. Qc2 g6 12. f3 Rc8 13. Qf2 c5 14. Ba2 cxd4 15.
exd4 Nb6 16. Bg5 Bxc3 17. bxc3 Rxc3 18. d5 Nbd7 19. Qxa7 b6 20. Rfc1 Qc8 21.
Bd2 Qc5+ 22. Kf1 Rxc1+ 23. Rxc1 Qd4 24. Bg5 Qd3+ 25. Kg1 f4 26. Qc7 Qe3+ 27.
Kh1 Re8 28. Rf1 Qf2 0-1

[Event "GBR-ch90"]
[Site "Edinburgh"]
[Date "2003.07.29"]
[Round "8.15"]
[White "Lyell, Mark"]
[Black "Haslinger, Stewart"]
[Result "0-1"]
[WhiteElo "2256"]
[BlackElo "2414"]
[PlyCount "62"]
[EventDate "2003.07.21"]
[EventType "swiss"]
[EventRounds "11"]
[EventCountry "GBR"]
[SourceTitle "BritBase"]
[Source "John Saunders"]
[SourceDate "2008.07.14"]
[SourceVersion "1"]
[SourceVersionDate "2008.07.14"]
[SourceQuality "2"]

1. e4 e5 2. Nf3 Nc6 3. d4 exd4 4. Nxd4 Bc5 5. Be3 Qf6 6. c3 Nge7 7. Bc4 Ne5 8.
Be2 d5 9. O-O O-O 10. Nd2 Bb6 11. f4 Qh6 12. Kh1 dxe4 13. Nxe4 N5c6 14. Nxc6
Qxc6 15. Bxb6 Qxb6 16. Bc4 Nf5 17. Re1 Ne3 18. Qb3 Nxc4 19. Qxc4 Be6 20. Qc5
Rfd8 21. Qg5 h6 22. Qg3 Bf5 23. b4 Qc6 24. b5 Qxb5 25. Nf6+ Kh8 26. Re5 Qd3 27.
Qh4 Rd6 28. Nh5 Be4 29. Re1 Bg6 30. Ng3 Qxc3 31. f5 Qxe5 0-1

[Event "GBR-ch90"]
[Site "Edinburgh"]
[Date "2003.07.29"]
[Round "8.16"]
[White "Al Rakib, Abdullah"]
[Black "Buckley, Simon T"]
[Result "1/2-1/2"]
[WhiteElo "2387"]
[BlackElo "2267"]
[PlyCount "84"]
[EventDate "2003.07.21"]
[EventType "swiss"]
[EventRounds "11"]
[EventCountry "GBR"]
[SourceTitle "BritBase"]
[Source "John Saunders"]
[SourceDate "2008.07.14"]
[SourceVersion "1"]
[SourceVersionDate "2008.07.14"]
[SourceQuality "2"]

1. d4 e6 2. c4 Nf6 3. Bg5 Bb4+ 4. Nd2 c5 5. e3 h6 6. Bh4 g5 7. Bg3 Bxd2+ 8.
Qxd2 Ne4 9. Qc2 Qa5+ 10. Kd1 Nxg3 11. hxg3 cxd4 12. exd4 Nc6 13. Qc3 Qxc3 14.
bxc3 b6 15. Nf3 f6 16. Kc2 Na5 17. Rb1 Ke7 18. Nd2 Ba6 19. c5 Bxf1 20. Rhxf1
bxc5 21. Rb5 Nc6 22. Rxc5 Rac8 23. Rb1 Rb8 24. Re1 Rhc8 25. Rh1 Rh8 26. d5 exd5
27. Rxd5 Ke6 28. Rc5 Rb6 29. Re1+ Kf7 30. Rd5 Rd8 31. Ne4 Ne5 32. Rd6 Rxd6 33.
Nxd6+ Ke6 34. Nb5 Rb8 35. a4 a6 36. Nc7+ Kd6 37. Nxa6 Ra8 38. Nb4 Rxa4 39. Rh1
Ke6 40. f3 Nf7 41. Re1+ Kd6 42. Rd1+ Ke6 1/2-1/2

[Event "GBR-ch90"]
[Site "Edinburgh"]
[Date "2003.07.29"]
[Round "8.17"]
[White "McDonald, Neil R"]
[Black "Anderton, Matthew N"]
[Result "1-0"]
[WhiteElo "2384"]
[BlackElo "2237"]
[PlyCount "61"]
[EventDate "2003.07.21"]
[EventType "swiss"]
[EventRounds "11"]
[EventCountry "GBR"]
[SourceTitle "BritBase"]
[Source "John Saunders"]
[SourceDate "2008.07.14"]
[SourceVersion "1"]
[SourceVersionDate "2008.07.14"]
[SourceQuality "2"]

1. e4 e6 2. d4 d5 3. Nd2 Nf6 4. e5 Nfd7 5. Bd3 c5 6. c3 Nc6 7. Ne2 cxd4 8. cxd4
f6 9. exf6 Nxf6 10. O-O Bd6 11. Nf3 O-O 12. Bf4 Bxf4 13. Nxf4 Qb6 14. b3 Ne4
15. Ne2 Nd6 16. Nc3 Bd7 17. Rc1 Rf6 18. Na4 Qd8 19. Nc5 Rc8 20. Re1 h6 21. Ne5
Nb8 22. Nexd7 Nxd7 23. Nxe6 Rxc1 24. Qxc1 Qa5 25. Re2 Kf7 26. Nc5 Nxc5 27. dxc5
Nb5 28. Qe3 Nc7 29. Qe7+ Kg8 30. Qd8+ Rf8 31. Bh7+ 1-0

[Event "GBR-ch90"]
[Site "Edinburgh"]
[Date "2003.07.29"]
[Round "8.18"]
[White "Ansell, Simon T"]
[Black "Eggleston, David"]
[Result "1-0"]
[WhiteElo "2379"]
[BlackElo "2094"]
[PlyCount "57"]
[EventDate "2003.07.21"]
[EventType "swiss"]
[EventRounds "11"]
[EventCountry "GBR"]
[SourceTitle "BritBase"]
[Source "John Saunders"]
[SourceDate "2008.07.14"]
[SourceVersion "1"]
[SourceVersionDate "2008.07.14"]
[SourceQuality "2"]

1. e4 e6 2. Qe2 Be7 3. Nf3 d5 4. d3 Nf6 5. g3 O-O 6. Bg2 b5 7. O-O c5 8. e5
Nfd7 9. c4 bxc4 10. dxc4 Nc6 11. cxd5 exd5 12. e6 Nb6 13. exf7+ Rxf7 14. Ng5
Nd4 15. Qh5 Bxg5 16. Bxg5 Qf8 17. Nc3 Bb7 18. Bf4 Rf5 19. Qg4 Ne6 20. Bd6 Qf6
21. Rad1 Nd4 22. Bxc5 Nf3+ 23. Bxf3 Rxf3 24. Bd4 Qf7 25. Rfe1 Rf8 26. Qe6 Nc4
27. b3 Nd6 28. Qxd6 Rxc3 29. Re7 1-0

[Event "GBR-ch90"]
[Site "Edinburgh"]
[Date "2003.07.29"]
[Round "8.20"]
[White "Pritchett, Craig"]
[Black "Ghasi, Ameet"]
[Result "0-1"]
[WhiteElo "2314"]
[BlackElo "2305"]
[PlyCount "108"]
[EventDate "2003.07.21"]
[EventType "swiss"]
[EventRounds "11"]
[EventCountry "GBR"]
[SourceTitle "BritBase"]
[Source "John Saunders"]
[SourceDate "2008.07.14"]
[SourceVersion "1"]
[SourceVersionDate "2008.07.14"]
[SourceQuality "2"]

1. d4 Nf6 2. c4 g6 3. Nc3 Bg7 4. e4 d6 5. Nf3 O-O 6. Be2 Bg4 7. Be3 Nfd7 8. Rc1
a6 9. O-O c5 10. d5 b5 11. cxb5 axb5 12. Bxb5 Qb6 13. a4 Ne5 14. Re1 Na6 15.
Bf4 Nc7 16. Bxe5 {(=)} Bxe5 17. Qd2 Bg7 18. Rb1 Nxb5 19. axb5 Bd7 20. h4 Qa5
21. h5 Bxb5 22. e5 Bd7 23. e6 fxe6 24. hxg6 h6 25. dxe6 Bc6 26. Nh2 Qb4 27.
Rbd1 Rf5 28. Ne4 Qxd2 29. Rxd2 Bd4 30. Nf3 Be5 31. Nxe5 Rxe5 32. Rde2 Kg7 33.
f4 Rxe4 34. Rxe4 Bxe4 35. Rxe4 Kxg6 36. g4 h5 37. f5+ Kf6 38. gxh5 Kxf5 39. Rh4
Kxe6 40. b4 cxb4 41. Rxb4 Rh8 42. Rh4 Kf5 43. Kf2 Kg5 44. Re4 e5 45. Ra4 Rxh5
46. Ra6 Rh6 47. Ke3 Kf5 48. Kd3 Rh3+ 49. Kc4 Ke6 50. Ra8 d5+ 51. Kc5 Rc3+ 52.
Kb4 Rc7 53. Ra5 e4 54. Ra8 Ke5 0-1

[Event "GBR-ch90"]
[Site "Edinburgh"]
[Date "2003.07.29"]
[Round "8.22"]
[White "Neelotpal, Das"]
[Black "Addison, Bret C"]
[Result "1-0"]
[WhiteElo "2462"]
[BlackElo "2251"]
[PlyCount "77"]
[EventDate "2003.07.21"]
[EventType "swiss"]
[EventRounds "11"]
[EventCountry "GBR"]
[SourceTitle "BritBase"]
[Source "John Saunders"]
[SourceDate "2008.07.14"]
[SourceVersion "1"]
[SourceVersionDate "2008.07.14"]
[SourceQuality "2"]

1. e4 e5 2. Nf3 Nc6 3. Bb5 a6 4. Ba4 Nf6 5. O-O Be7 6. Re1 b5 7. Bb3 O-O 8. a4
b4 9. d3 d6 10. Nbd2 Na5 11. Ba2 c5 12. c3 Rb8 13. d4 Qc7 14. Nf1 b3 15. Bb1 c4
16. Ne3 Bb7 17. Nd5 Nxd5 18. exd5 Bxd5 19. dxe5 Bxf3 20. exd6 Bxd6 21. Qxf3
Bxh2+ 22. Kf1 Bd6 23. Be4 Rfe8 24. Bg5 g6 25. Bd5 Re5 26. Rxe5 Bxe5 27. Re1 Rf8
28. Qe4 Bg7 29. Be7 Qh2 30. Bxf8 Bxf8 31. Qf3 Qc7 32. Re8 Kg7 33. Ra8 f5 34.
Qe3 Nc6 35. Rxf8 Kxf8 36. Qc5+ Kg7 37. Bxc6 Qf4 38. Qe7+ Kh6 39. Qe3 1-0

[Event "GBR-ch90"]
[Site "Edinburgh"]
[Date "2003.07.29"]
[Round "8.23"]
[White "McNab, Colin Anderson"]
[Black "Rendle, Thomas"]
[Result "0-1"]
[WhiteElo "2395"]
[BlackElo "2240"]
[PlyCount "58"]
[EventDate "2003.07.21"]
[EventType "swiss"]
[EventRounds "11"]
[EventCountry "GBR"]
[SourceTitle "BritBase"]
[Source "John Saunders"]
[SourceDate "2008.07.14"]
[SourceVersion "1"]
[SourceVersionDate "2008.07.14"]
[SourceQuality "2"]

1. c4 f5 2. g3 Nf6 3. Bg2 g6 4. Nc3 d6 5. d3 Bg7 6. e4 Nc6 7. Nge2 O-O 8. O-O
e5 9. Nd5 Ne7 10. Nxf6+ Bxf6 11. exf5 Nxf5 12. Rb1 c6 13. b4 a6 14. Kh1 Be6 15.
f4 Qb6 16. Qe1 Rae8 17. fxe5 Bxe5 18. g4 Ng7 19. Rxf8+ Rxf8 20. h3 d5 21. c5
Qd8 22. Be3 d4 23. Bf2 Bxa2 24. Ra1 Bd5 25. Qg1 Rf3 26. Qe1 Rxh3+ 27. Kg1 Bxg2
28. Kxg2 Rh2+ 29. Kf1 Qd5 0-1

[Event "GBR-ch90"]
[Site "Edinburgh"]
[Date "2003.07.29"]
[Round "8.24"]
[White "Martyn, Rafe"]
[Black "Hanley, Craig A"]
[Result "1/2-1/2"]
[WhiteElo "2266"]
[BlackElo "2387"]
[PlyCount "79"]
[EventDate "2003.07.21"]
[EventType "swiss"]
[EventRounds "11"]
[EventCountry "GBR"]
[SourceTitle "BritBase"]
[Source "John Saunders"]
[SourceDate "2008.07.14"]
[SourceVersion "1"]
[SourceVersionDate "2008.07.14"]
[SourceQuality "2"]

1. d4 e6 2. c4 f5 3. g3 Nf6 4. Bg2 Be7 5. Nh3 d6 6. b3 O-O 7. O-O e5 8. Bb2 Ng4
9. Qd2 f4 10. Nc3 c6 11. Ne4 Bf5 12. dxe5 fxg3 13. hxg3 dxe5 14. Rad1 Na6 15.
Nd6 Bxd6 16. Qxd6 Qe8 17. Qd2 Nf6 18. Qe3 Qh5 19. Qg5 Qxe2 20. Rd2 Qg4 21. Bxe5
Rae8 22. Qxg4 Bxg4 23. Bb2 Ne4 24. Rd4 Bxh3 25. Bxh3 Ng5 26. Bg4 Nf3+ 27. Bxf3
Rxf3 28. Rd7 Rf7 29. Rfd1 g6 30. Rxf7 Kxf7 31. Rd2 c5 32. f3 Nb4 33. Bc3 Nc6
34. Kf2 h5 35. Rd5 b6 36. Rd6 Re6 37. Rd7+ Re7 38. Rd6 Re6 39. Rd7+ Re7 40. Rd6
1/2-1/2

[Event "GBR-ch90"]
[Site "Edinburgh"]
[Date "2003.07.29"]
[Round "8.25"]
[White "Longson, Alexander"]
[Black "Williams, Simon K"]
[Result "1-0"]
[WhiteElo "2225"]
[BlackElo "2381"]
[PlyCount "92"]
[EventDate "2003.07.21"]
[EventType "swiss"]
[EventRounds "11"]
[EventCountry "GBR"]
[SourceTitle "BritBase"]
[Source "John Saunders"]
[SourceDate "2008.07.14"]
[SourceVersion "1"]
[SourceVersionDate "2008.07.14"]
[SourceQuality "2"]

1. e4 c5 2. Nf3 d6 3. d4 Nf6 4. Nc3 cxd4 5. Nxd4 g6 6. Be3 Bg7 7. f3 Nc6 8. Qd2
Bd7 9. g4 Ne5 10. g5 Nh5 11. O-O-O O-O 12. Kb1 b5 13. f4 Nc4 14. Bxc4 bxc4 15.
Nde2 Bc6 16. Ng3 Nxg3 17. hxg3 Rb8 18. Bd4 Bxd4 19. Qxd4 Qb6 20. Nd5 Bxd5 21.
Qxb6 axb6 22. Rxd5 b5 23. Rhd1 f6 24. gxf6 Rxf6 25. e5 dxe5 26. Rxe5 Kf7 27.
Rdd5 Rfb6 28. Kc1 R8b7 29. Kd2 b4 30. Rc5 b3 31. axb3 cxb3 32. c4 e6 33. Kc3
Rd6 34. Rb5 Rbd7 35. Re3 Rd1 36. Kxb3 R1d3+ 37. Rxd3 Rxd3+ 38. Ka4 Rxg3 39.
Rb7+ Kf6 40. Rxh7 Rg4 41. b4 Rxf4 42. c5 g5 43. Kb5 Rh4 44. Rd7 g4 45. Rd8 Rh5
46. Rg8 Rg5 1-0

[Event "GBR-ch90"]
[Site "Edinburgh"]
[Date "2003.07.29"]
[Round "8.26"]
[White "Redpath, Joseph"]
[Black "Sowray, Peter J"]
[Result "1/2-1/2"]
[WhiteElo "2194"]
[BlackElo "2346"]
[PlyCount "35"]
[EventDate "2003.07.21"]
[EventType "swiss"]
[EventRounds "11"]
[EventCountry "GBR"]
[SourceTitle "BritBase"]
[Source "John Saunders"]
[SourceDate "2008.07.14"]
[SourceVersion "1"]
[SourceVersionDate "2008.07.14"]
[SourceQuality "2"]

1. d4 Nf6 2. Nf3 g6 3. Nc3 d5 4. Bf4 Bg7 5. e3 O-O 6. Be2 c5 7. Ne5 Qa5 8. O-O
Nc6 9. Qd2 Bf5 10. Rad1 cxd4 11. exd4 Rac8 12. a3 Rfd8 13. Rfe1 Nxe5 14. Bxe5
Qb6 15. Na4 Qc6 16. Nc3 Qb6 17. Na4 Qc6 18. Nc3 1/2-1/2

[Event "GBR-ch90"]
[Site "Edinburgh"]
[Date "2003.07.29"]
[Round "8.27"]
[White "Mitchell, Martin"]
[Black "Meenakshi, Subbaraman"]
[Result "1/2-1/2"]
[WhiteElo "2132"]
[BlackElo "2319"]
[PlyCount "141"]
[EventDate "2003.07.21"]
[EventType "swiss"]
[EventRounds "11"]
[EventCountry "GBR"]
[SourceTitle "BritBase"]
[Source "John Saunders"]
[SourceDate "2008.07.14"]
[SourceVersion "1"]
[SourceVersionDate "2008.07.14"]
[SourceQuality "2"]

1. d4 d5 2. Nf3 Nf6 3. e3 g6 4. c4 dxc4 5. Bxc4 Bg7 6. Ne5 O-O 7. Qb3 Qe8 8.
Nc3 c6 9. O-O Nbd7 10. Rd1 Nb6 11. Be2 Be6 12. Qb4 Nfd7 13. Nxd7 Qxd7 14. e4
Rfd8 15. Be3 Qd6 16. Qxd6 Rxd6 17. b3 Rdd8 18. Rac1 Rac8 19. f3 h5 20. Kf2 Kh7
21. g3 Bh6 22. Bxh6 Kxh6 23. Ke3 Kg7 24. Kf2 Rd7 25. Rd2 f6 26. Rcd1 a6 27. Ke3
Bf7 28. Bf1 Be6 29. Be2 Rdd8 30. Kf2 Rh8 31. Ke3 Rhf8 32. Kf2 Rfd8 33. Ke3 a5
34. Kf2 Bf7 35. Ke3 Ra8 36. Rb2 e5 37. dxe5 fxe5 38. Rxd8 Rxd8 39. Rd2 Rxd2 40.
Kxd2 Kf6 41. Ke3 Ke6 42. f4 Kd6 43. h4 Nd7 44. Bf1 b5 45. Bh3 Nc5 46. f5 b4 47.
Nd1 a4 48. bxa4 Nxa4 49. fxg6 Bxg6 50. g4 c5 51. Kd3 Bf7 52. gxh5 c4+ 53. Kc2
Bxh5 54. Ne3 Kc5 55. Bg4 Bg6 56. Bf5 Bf7 57. Bg4 c3 58. Nd5 Nb6 59. Nxb6 Kxb6
60. h5 Bxa2 61. h6 Bg8 62. Be6 Bh7 63. Bf5 Bg8 64. h7 Bxh7 65. Bxh7 Kc5 66. Kd3
Kb5 67. Bg8 Ka4 68. Kc2 Ka3 69. Bf7 Ka4 70. Ba2 Ka3 71. Bb3 1/2-1/2